[Event "HEM 2015 B Turnier"]
[Site "Frankfurt-Sossenheim"]
[Date "2015.??.??"]
[Round "6.1"]
[White "Werle, Joshua"]
[Black "Juhnke, Peter"]
[Result "0-1"]
[WhiteElo "1776"]
[BlackElo "1900"]
[PlyCount "72"]
[EventDate "2015.??.??"]
[WhiteTeam "Frankfurter TV"]
[BlackTeam "SC Eschborn"]

1. d4 d5 2. c4 e6 3. Nf3 Nf6 4. g3 c6 5. Bg2 Be7 6. O-O Nbd7 7. Qc2 Ne4 8. Bf4
O-O 9. Nc3 f5 10. Rab1 g5 11. Be5 g4 12. Ne1 Nxe5 13. dxe5 Bd7 14. b4 Qc7 15.
cxd5 exd5 16. Nxd5 Qxe5 17. Nxe7+ Qxe7 18. Nd3 Rae8 19. Nf4 Qe5 20. Rfd1 Bc8
21. Rd3 a5 22. b5 Rf6 23. bxc6 bxc6 24. Rb6 c5 25. Rb5 Ba6 26. Qb3+ Kh8 27. Rd5
Qc3 28. Bxe4 Qxb3 29. Rxb3 fxe4 30. Rxc5 Rd6 31. Rb1 Rd2 32. Rc7 Rxa2 33. Nh5
e3 34. Re7 exf2+ 35. Kh1 Rxe2 36. Rxe2 Bxe2 0-1

[Event "HEM 2015 B Turnier"]
[Site "Frankfurt-Sossenheim"]
[Date "2015.??.??"]
[Round "6.2"]
[White "Warnk, Torsten"]
[Black "Lukas, Anne"]
[Result "0-1"]
[WhiteElo "1845"]
[BlackElo "1772"]
[PlyCount "40"]
[EventDate "2015.??.??"]
[WhiteTeam "Sges Bensheim"]
[BlackTeam "SK Gernsheim"]

1. d4 Nf6 2. Nf3 g6 3. c4 c5 4. d5 d6 5. Nc3 Bg7 6. e4 Bg4 7. Be2 Bxf3 8. gxf3
Nbd7 9. f4 a6 10. Bd2 Qb6 11. Qc2 e6 12. Rb1 exd5 13. cxd5 O-O 14. Be3 Qa5 15.
f3 Nh5 16. Kf2 Rae8 17. Bd2 Qd8 18. Kg2 Qh4 19. Be1 Nxf4+ 20. Kg1 Bd4+ 0-1

[Event "HEM 2015 B Turnier"]
[Site "Frankfurt-Sossenheim"]
[Date "2015.??.??"]
[Round "6.3"]
[White "Schellen, Sven"]
[Black "Zalewski, Ulrich"]
[Result "1-0"]
[WhiteElo "1797"]
[BlackElo "1838"]
[PlyCount "91"]
[EventDate "2015.??.??"]
[WhiteTeam "SF Frankfurt"]
[BlackTeam "SK Gießen"]

1. d4 d5 2. c4 e6 3. Nc3 f5 4. Nf3 Nf6 5. Bg5 Be7 6. Bxf6 Bxf6 7. e3 O-O 8. Ne5
c6 9. Be2 Nd7 10. f4 Nxe5 11. dxe5 Bh4+ 12. g3 Be7 13. cxd5 exd5 14. Qb3 Qb6
15. Qxb6 axb6 16. Kf2 b5 17. Bf3 Be6 18. Rhd1 Ra5 19. Ne2 Rfa8 20. Nd4 Bc8 21.
Rd2 Rxa2 22. Rxa2 Rxa2 23. Nxb5 Kf8 24. Rc2 Bd7 25. Nd4 g6 26. b3 Rxc2+ 27.
Nxc2 Ke8 28. Ke2 Kd8 29. Kd3 Kc7 30. b4 b6 31. b5 c5 32. Bxd5 Bxb5+ 33. Kc3 h6
34. e4 Bd7 35. Ne3 b5 36. Bf7 fxe4 37. Bxg6 Bc6 38. f5 Kd7 39. f6 Bf8 40. Bf7
Kc7 41. g4 c4 42. e6 Kd6 43. Nf5+ Ke5 44. e7 Bxe7 45. fxe7 Kf4 46. h3 1-0

[Event "HEM 2015 B Turnier"]
[Site "Frankfurt-Sossenheim"]
[Date "2015.??.??"]
[Round "6.4"]
[White "Weber, Simon"]
[Black "Henninger, Sascha"]
[Result "1/2-1/2"]
[WhiteElo "1407"]
[BlackElo "1777"]
[PlyCount "38"]
[EventDate "2015.??.??"]
[WhiteTeam "SC Langenbieber"]
[BlackTeam "SC Sulzbach"]

1. e4 e6 2. d4 d5 3. Nd2 c5 4. c3 Nc6 5. Ngf3 cxd4 6. exd5 Qxd5 7. Bc4 Qd6 8.
Ne4 Qc7 9. Nxd4 Be7 10. O-O Nxd4 11. Qxd4 Nf6 12. Rd1 O-O 13. Bb5 a6 14. Nxf6+
Bxf6 15. Qa4 Qe5 16. Bf1 b5 17. Qf4 Bb7 18. Qxe5 Bxe5 19. Be3 Bd5 1/2-1/2

[Event "HEM 2015 B Turnier"]
[Site "Frankfurt-Sossenheim"]
[Date "2015.??.??"]
[Round "6.5"]
[White "Hafensteiner, Tim"]
[Black "Englert, Fred"]
[Result "0-1"]
[WhiteElo "1689"]
[BlackElo "1795"]
[PlyCount "70"]
[EventDate "2015.??.??"]
[WhiteTeam "Biebertaler SF"]
[BlackTeam "SK Klingenberg"]

1. e4 c6 2. d4 d5 3. exd5 cxd5 4. Bd3 Nc6 5. c3 g6 6. Bf4 Bg7 7. Nf3 Nf6 8.
Nbd2 O-O 9. O-O b6 10. Re1 Bb7 11. h3 Rc8 12. Nb3 Re8 13. Bb5 a6 14. Bxc6 Bxc6
15. Ne5 Bb7 16. Qd2 Ne4 17. Qe3 Nd6 18. Qf3 e6 19. Nd2 Qe7 20. Qe2 Qd8 21. Bg3
Nf5 22. Qf3 Qe7 23. Nf1 Nd6 24. Nd2 Nf5 25. Bh2 Nd6 26. Rac1 Nc4 27. Nexc4 dxc4
28. Qf4 Qd7 29. Qd6 Qb5 30. b3 Qg5 31. f3 Qxd2 32. Qxb6 Bd5 33. bxc4 Bxc4 34.
Qb1 Bd3 35. Qb3 Bxd4+ 0-1

[Event "HEM 2015 B Turnier"]
[Site "Frankfurt-Sossenheim"]
[Date "2015.??.??"]
[Round "6.6"]
[White "Saluvar, Buelent"]
[Black "Zimmer, Sascha"]
[Result "1-0"]
[WhiteElo "1718"]
[BlackElo "1937"]
[PlyCount "71"]
[EventDate "2015.??.??"]
[WhiteTeam "SC Münster"]
[BlackTeam "SC Mackenbach"]

1. d4 Nf6 2. c4 e5 3. dxe5 Ne4 4. Nf3 b6 5. e3 Bb4+ 6. Nbd2 Bb7 7. Be2 Qe7 8.
O-O Nxd2 9. Bxd2 Bxd2 10. Qxd2 Nc6 11. Qc3 O-O-O 12. Rfd1 g5 13. Rd2 g4 14. Ne1
Nxe5 15. b4 d6 16. a4 f5 17. a5 Qf6 18. Qc1 Rhg8 19. Bf1 Nf3+ 20. Nxf3 gxf3 21.
g3 Rg5 22. axb6 axb6 23. c5 bxc5 24. bxc5 dxc5 25. Rb2 Rd1 26. Qxd1 Qxb2 27.
Qa4 Rg8 28. Bc4 Bc6 29. Be6+ Kd8 30. Rd1+ Ke7 31. Qxc6 Rd8 32. Qxc7+ Kxe6 33.
Qxd8 Qc2 34. Qe8+ Kf6 35. Rd6+ Kg5 36. Qe7+ 1-0

[Event "HEM 2015 B Turnier"]
[Site "Frankfurt-Sossenheim"]
[Date "2015.??.??"]
[Round "6.7"]
[White "Wachsmann, Dietmar"]
[Black "Vedder, Matthias"]
[Result "1/2-1/2"]
[WhiteElo "1743"]
[BlackElo "1691"]
[PlyCount "45"]
[EventDate "2015.??.??"]
[WhiteTeam "SC Groß-Umstadt"]
[BlackTeam "SK Marburg"]

1. e4 c6 2. d4 d5 3. exd5 cxd5 4. c4 Nf6 5. Nc3 e6 6. Bf4 dxc4 7. Bxc4 a6 8.
Nf3 b5 9. Bb3 b4 10. Ne2 Nd5 11. O-O Bb7 12. Re1 Be7 13. Qd3 Nd7 14. Rac1 O-O
15. Bc2 g6 16. Bh6 Re8 17. Nf4 Nxf4 18. Bxf4 Nb6 19. Ne5 Qd5 20. Nf3 Rac8 21.
Bb3 Qf5 22. Qxf5 gxf5 23. Ne5 1/2-1/2

[Event "HEM 2015 B Turnier"]
[Site "Frankfurt-Sossenheim"]
[Date "2015.??.??"]
[Round "6.8"]
[White "Genis, Roy"]
[Black "Poetsch, Leonore"]
[Result "1/2-1/2"]
[WhiteElo "1952"]
[BlackElo "1657"]
[PlyCount "66"]
[EventDate "2015.??.??"]
[WhiteTeam "vereinslos, Rodgau"]
[BlackTeam "SK Langen"]

1. e4 e6 2. d4 d5 3. exd5 exd5 4. Bd3 Bd6 5. Nf3 Ne7 6. O-O O-O 7. Bg5 f6 8.
Bh4 Bf5 9. Re1 Bxd3 10. Qxd3 Ng6 11. Bg3 Na6 12. c3 c6 13. Nbd2 Nc7 14. Re2
Bxg3 15. hxg3 Qd7 16. Rae1 Rae8 17. Re3 Rxe3 18. Rxe3 Re8 19. Qe2 Rxe3 20. Qxe3
Qe6 21. Qxe6+ Nxe6 22. Nh4 Nxh4 23. gxh4 Kf7 24. g3 h5 25. Kg2 b6 26. f4 g6 27.
Kf3 a5 28. a4 b5 29. axb5 cxb5 30. Ke3 Ke7 31. Nb3 a4 32. Nc5 Nxc5 33. dxc5 Kd7
1/2-1/2

[Event "HEM 2015 B Turnier"]
[Site "Frankfurt-Sossenheim"]
[Date "2015.??.??"]
[Round "6.9"]
[White "Deppe, Leo"]
[Black "Krastev, Alexander"]
[Result "0-1"]
[WhiteElo "1694"]
[BlackElo "1940"]
[PlyCount "50"]
[EventDate "2015.??.??"]
[WhiteTeam "SC Bad Soden"]
[BlackTeam "Biebertaler SF"]

1. d4 Nf6 2. Bg5 e6 3. e4 h6 4. Bxf6 Qxf6 5. Nf3 c5 6. c3 Nc6 7. e5 Qd8 8. Nbd2
cxd4 9. cxd4 Qb6 10. Nc4 Bb4+ 11. Ke2 Qa6 12. Qd3 b5 13. Ne3 O-O 14. g4 Be7 15.
h4 Nb4 16. Qb3 Bb7 17. Bg2 Nd5 18. Nxd5 Bxd5 19. Qc2 Rac8 20. Qd2 b4+ 21. Ke1
Qb7 22. Ke2 f6 23. Qe3 fxe5 24. dxe5 Rc2+ 25. Kd1 Bc5 0-1

[Event "HEM 2015 B Turnier"]
[Site "Frankfurt-Sossenheim"]
[Date "2015.??.??"]
[Round "6.10"]
[White "Pleyer, Christian"]
[Black "Grzeschniok, Anton"]
[Result "1/2-1/2"]
[WhiteElo "1683"]
[BlackElo "1895"]
[PlyCount "77"]
[EventDate "2015.??.??"]
[WhiteTeam "SC Langenbieber"]
[BlackTeam "SC Eschborn"]

1. d4 d5 2. c4 e6 3. Nc3 Nf6 4. Bg5 Be7 5. Nf3 O-O 6. e3 c6 7. Be2 Nbd7 8. O-O
dxc4 9. Bxf6 Bxf6 10. Bxc4 e5 11. Ne4 exd4 12. Nxf6+ Qxf6 13. Qxd4 Qxd4 14.
Nxd4 Ne5 15. Be2 c5 16. Nb5 Bd7 17. Rac1 b6 18. Rfd1 Bxb5 19. Bxb5 Rfd8 20. Be2
Kf8 21. f4 Ng6 22. Kf2 Ke7 23. g3 Rxd1 24. Rxd1 Rd8 25. Rxd8 Kxd8 26. e4 f6 27.
Ke3 Kd7 28. h4 h6 29. b3 Kd6 30. a4 Nf8 31. Bg4 Ne6 32. Bxe6 Kxe6 33. Kd3 a6
34. Kc4 Kd6 35. Kc3 b5 36. Kd3 g5 37. h5 Ke6 38. Ke3 gxf4+ 39. gxf4 1/2-1/2

[Event "HEM 2015 B Turnier"]
[Site "Frankfurt-Sossenheim"]
[Date "2015.??.??"]
[Round "6.11"]
[White "Launert, Martin"]
[Black "Engel, Jan"]
[Result "1-0"]
[WhiteElo "1871"]
[BlackElo "1715"]
[PlyCount "68"]
[EventDate "2015.??.??"]
[WhiteTeam "Sfr. Erbach"]
[BlackTeam "Frankfurter TV"]

1. e4 c6 2. Nc3 d5 3. Nf3 dxe4 4. Nxe4 Bf5 5. Ng3 Bg6 6. Ne5 Nd7 7. Nxg6 hxg6
8. Bc4 Ngf6 9. d4 Qc7 10. Qf3 e6 11. h3 Bd6 12. Ne2 O-O-O 13. Bg5 Kb8 14. O-O-O
c5 15. Bb5 Rc8 16. Bxd7 Nxd7 17. d5 Ne5 18. Qc3 Qb6 19. dxe6 c4 20. Kb1 f6 21.
Be3 Qc7 22. f4 Nc6 23. Qxc4 Qe7 24. Nd4 Nxd4 25. Qxd4 Bc5 26. Qd7 Qxd7 27. exd7
Bxe3 28. dxc8=Q+ Rxc8 29. g3 g5 30. f5 g4 31. hxg4 Rc4 32. Rd7 Bh6 33. Re1 Kc8
34. Rf7 Rxg4 1-0

[Event "HEM 2015 B Turnier"]
[Site "Frankfurt-Sossenheim"]
[Date "2015.??.??"]
[Round "6.12"]
[White "Mattusch, Ralf"]
[Black "Weber, Andreas"]
[Result "1/2-1/2"]
[WhiteElo "1572"]
[BlackElo "1869"]
[PlyCount "41"]
[EventDate "2015.??.??"]
[WhiteTeam "SK Fürth"]
[BlackTeam "SC Flörsheim"]

1. d4 d5 2. c4 e6 3. Nc3 c5 4. e3 Nf6 5. Nf3 a6 6. cxd5 exd5 7. Be2 Nc6 8. O-O
Be7 9. dxc5 Bxc5 10. a3 O-O 11. b4 Ba7 12. Bb2 Re8 13. Qc2 Be6 14. Rfd1 Qe7 15.
Ng5 Rac8 16. Nxd5 Bxd5 17. Bxf6 Qxf6 18. Qxh7+ Kf8 19. Qh4 Qe5 20. Rxd5 Qxa1+
21. Rd1 1/2-1/2

[Event "HEM 2015 B Turnier"]
[Site "Frankfurt-Sossenheim"]
[Date "2015.??.??"]
[Round "6.13"]
[White "Lopez, Victor"]
[Black "Rafiee, Kayvan"]
[Result "1/2-1/2"]
[WhiteElo "1669"]
[BlackElo "1861"]
[PlyCount "60"]
[EventDate "2015.??.??"]
[WhiteTeam "SC Höchst"]
[BlackTeam "Kasseler SK"]

1. e4 c5 2. b3 Nc6 3. Bb5 Nd4 4. Be2 e5 5. Nf3 Nxe2 6. Qxe2 d6 7. c4 g6 8. d3
Bg7 9. Nc3 Ne7 10. O-O O-O 11. Bd2 h6 12. Ne1 g5 13. Nc2 Be6 14. Ne3 f5 15. f3
f4 16. Ned5 Qd7 17. Nxe7+ Qxe7 18. Nd5 Qd7 19. Rab1 Bxd5 20. cxd5 b5 21. a3
Rac8 22. Rfc1 Bf6 23. Qe1 Bd8 24. Ba5 Bxa5 25. Qxa5 Qb7 26. Qd2 Rc7 27. Qa2 Qa6
28. Qb2 Rfc8 29. Rc2 Qb6 30. Kf1 Qa6 1/2-1/2

[Event "HEM 2015 B Turnier"]
[Site "Frankfurt-Sossenheim"]
[Date "2015.??.??"]
[Round "6.14"]
[White "Loehr, Holger"]
[Black "Bahlke, Florian"]
[Result "0-1"]
[WhiteElo "1837"]
[BlackElo "1271"]
[PlyCount "188"]
[EventDate "2015.??.??"]
[WhiteTeam "SF Braunfels"]
[BlackTeam "SF Dettingen"]

1. e4 c5 2. Nf3 d6 3. d4 cxd4 4. Nxd4 Nf6 5. Nc3 a6 6. Be2 e6 7. Be3 Be7 8. O-O
O-O 9. f4 Qc7 10. Bf3 Nc6 11. Qe1 Rb8 12. Rc1 Nxd4 13. Bxd4 Nd7 14. Qg3 Bf6 15.
Qf2 b5 16. a3 Bxd4 17. Qxd4 Nb6 18. Rfd1 Rd8 19. Be2 Bb7 20. Rd3 Rd7 21. Rg3 f6
22. Qxf6 Re7 23. Qd4 Rf8 24. Rf1 e5 25. fxe5 Rxf1+ 26. Bxf1 dxe5 27. Qe3 Rf7
28. Rf3 Rxf3 29. Qxf3 Nd7 30. Kh1 Nf6 31. Bd3 Qc5 32. Nd1 b4 33. Qf2 Qd6 34.
axb4 Qxb4 35. c3 Qd6 36. Qe2 Nxe4 37. Bxe4 Bxe4 38. Ne3 Bd3 39. Nc4 Bxc4 40.
Qxc4+ Kf8 41. Qf1+ Ke7 42. Qe2 Qf6 43. h3 a5 44. Qe3 Qf1+ 45. Kh2 Qf4+ 46. Qxf4
exf4 47. Kg1 Kd6 48. Kf2 Kc5 49. Kf3 Kc4 50. Kxf4 Kb3 51. Kf5 a4 52. Ke6 Kxb2
53. c4 a3 54. c5 a2 55. c6 a1=Q 56. c7 Qa6+ 57. Kd7 Qb7 58. Kd8 Qd5+ 59. Ke8
Qe6+ 60. Kd8 Qd6+ 61. Kc8 Kc3 62. Kb7 Qd7 63. Kb8 Qb5+ 64. Ka8 Qc6+ 65. Kb8
Qb6+ 66. Kc8 Kd4 67. Kd7 Qb7 68. Kd8 Qd5+ 69. Ke7 Qc6 70. Kd8 Qd6+ 71. Kc8 Ke3
72. Kb7 Qd7 73. Kb8 Qb5+ 74. Ka8 Qa6+ 75. Kb8 Qb6+ 76. Kc8 Kf4 77. Kd7 Qb7 78.
Kd8 Qd5+ 79. Ke8 Qc6+ 80. Kd8 Qd6+ 81. Kc8 Kg3 82. Kb7 Qd7 83. Kb8 Qb5+ 84. Ka8
Qc6+ 85. Kb8 Qb6+ 86. Kc8 Kxg2 87. Kd7 Qb7 88. Kd8 Qd5+ 89. Ke8 Qc6+ 90. Kd8
Qd6+ 91. Kc8 Kxh3 92. Kb8 Qb6+ 93. Kc8 g5 94. Kd7 Qxc7+ 0-1

[Event "HEM 2015 B Turnier"]
[Site "Frankfurt-Sossenheim"]
[Date "2015.??.??"]
[Round "6.15"]
[White "John, Volkmar"]
[Black "Will, Steffen"]
[Result "1-0"]
[WhiteElo "1770"]
[BlackElo "1705"]
[PlyCount "127"]
[EventDate "2015.??.??"]
[WhiteTeam "SK Herborn"]
[BlackTeam "SC Bad Nauheim"]

1. c4 c5 2. Nf3 Nc6 3. d4 cxd4 4. Nxd4 d6 5. Nc3 g6 6. Nxc6 bxc6 7. g3 Bb7 8.
Bg2 Rb8 9. O-O Bg7 10. Qc2 Nf6 11. e4 Nd7 12. Be3 a6 13. Rad1 c5 14. b3 O-O 15.
Nd5 Ne5 16. Nc3 Qa5 17. Bd2 Qd8 18. Ne2 f5 19. f4 Nd7 20. Bc3 fxe4 21. Bxg7
Kxg7 22. Bxe4 Bxe4 23. Qxe4 Nf6 24. Qe6 Qd7 25. Qxd7 Nxd7 26. Nc3 Nf6 27. Rfe1
Rfe8 28. Re6 Rb7 29. Rde1 Kf7 30. Kg2 Nh5 31. Ne4 Kxe6 32. Nxc5+ Kf7 33. Nxb7
Ng7 34. Na5 Nf5 35. Nc6 Rc8 36. Nb4 a5 37. Nd5 e6 38. Ne3 Ne7 39. Rd1 Rc6 40.
Kf3 Nf5 41. Nxf5 gxf5 42. Ke3 Kf6 43. Rd2 h5 44. Kd3 e5 45. fxe5+ dxe5 46. Ke3
a4 47. Rd8 axb3 48. axb3 Rb6 49. Rd3 Kg5 50. c5 Rb8 51. c6 f4+ 52. gxf4+ exf4+
53. Kf3 Rc8 54. Rc3 Kf5 55. b4 Ke5 56. b5 Kd6 57. b6 Rxc6 58. Rxc6+ Kxc6 59.
Kxf4 Kxb6 60. Kg5 Kc6 61. Kxh5 Kd6 62. Kg6 Ke7 63. Kg7 Ke6 64. h4 1-0

[Event "HEM 2015 B Turnier"]
[Site "Frankfurt-Sossenheim"]
[Date "2015.??.??"]
[Round "6.16"]
[White "Neagu, Liviu"]
[Black "Goebel, Knut"]
[Result "1/2-1/2"]
[WhiteElo "1229"]
[BlackElo "1728"]
[PlyCount "92"]
[EventDate "2015.??.??"]
[WhiteTeam "SF Friedberg"]
[BlackTeam "SC Ober-Ramstadt"]

1. d4 d5 2. c4 c6 3. Bf4 Nf6 4. e3 Bf5 5. Nc3 e6 6. a3 Bd6 7. Nge2 dxc4 8. Ng3
b5 9. Bxd6 Qxd6 10. Nxf5 exf5 11. g3 Nbd7 12. Bg2 Rc8 13. O-O O-O 14. b3 Nd5
15. Ne2 cxb3 16. Qxb3 N7f6 17. Rfc1 a6 18. Rc5 Ne4 19. Rc2 c5 20. dxc5 Rxc5 21.
Rxc5 Qxc5 22. Rc1 Qd6 23. Nd4 Ne7 24. Nxf5 Nxf5 25. Bxe4 Ne7 26. Rd1 Qc7 27.
Qd3 Qc5 28. Qd6 Qa7 29. Qd8 Ng6 30. Bxg6 hxg6 31. Rd7 Qc5 32. Qe7 Qc4 33. e4 a5
34. e5 b4 35. axb4 axb4 36. e6 b3 37. Rb7 Qd5 38. exf7+ Rxf7 39. Rb8+ Kh7 40.
Qh4+ Qh5 41. Qd8 g5 42. Qh8+ Kg6 43. Qxh5+ Kxh5 44. Rxb3 g4 45. Rb5+ g5 46. Kg2
Rf8 1/2-1/2

[Event "HEM 2015 B Turnier"]
[Site "Frankfurt-Sossenheim"]
[Date "2015.??.??"]
[Round "6.17"]
[White "Anhalt, Albert"]
[Black "Alonzo, Desi"]
[Result "1-0"]
[WhiteElo "1896"]
[BlackElo "1699"]
[PlyCount "75"]
[EventDate "2015.??.??"]
[WhiteTeam "SG Idstein"]
[BlackTeam "SK Herborn"]

1. e4 d5 2. exd5 Qxd5 3. Nc3 Qa5 4. Bc4 c6 5. d4 e6 6. Nf3 Nf6 7. O-O Nbd7 8.
Bd2 Qd8 9. Re1 Be7 10. Ne5 O-O 11. Qe2 Nxe5 12. dxe5 Nd5 13. Rad1 f5 14. exf6
Bxf6 15. Ne4 Bxb2 16. c3 Ba3 17. Ng5 Rf6 18. Qe4 Rg6 19. Nf3 Bd6 20. h4 Kh8 21.
h5 Nf6 22. Ng5 Qc7 23. Qf3 Rxg5 24. Bxg5 Nd5 25. Bxd5 cxd5 26. Rxd5 Bd7 27. Rd2
Bc6 28. Qh3 Bd5 29. h6 Be5 30. hxg7+ Qxg7 31. Bh6 Qf6 32. Rxd5 exd5 33. Qe3
Bxc3 34. Qe8+ Qf8 35. Bxf8 Rxe8 36. Rxe8 Kg8 37. Bb4+ Kf7 38. Re7+ 1-0

[Event "HEM 2015 B Turnier"]
[Site "Frankfurt-Sossenheim"]
[Date "2015.??.??"]
[Round "6.18"]
[White "Schwarz, Matthias"]
[Black "Slobodetski, Oleg"]
[Result "1-0"]
[WhiteElo "1352"]
[BlackElo "1830"]
[PlyCount "95"]
[EventDate "2015.??.??"]
[WhiteTeam "SG Idstein"]
[BlackTeam "SV Großauheim"]

1. e4 e5 2. Nf3 Nc6 3. Bc4 Nf6 4. d3 Be7 5. Nc3 d6 6. h3 h6 7. Be3 O-O 8. Qd2
Kh7 9. O-O-O Na5 10. Bb3 Nxb3+ 11. axb3 Be6 12. g4 Nd7 13. Rdg1 f6 14. h4 Bf7
15. g5 Bh5 16. Ne1 c6 17. gxh6 g6 18. Ne2 Bxe2 19. Qxe2 Rg8 20. f4 exf4 21.
Bxf4 Qa5 22. Kb1 Nc5 23. Qh2 Rad8 24. Nf3 Ne6 25. Be3 b5 26. Nd4 Nxd4 27. Bxd4
c5 28. Be3 Qc7 29. Rg3 d5 30. Qg2 d4 31. Bd2 Bd6 32. Rg4 Qf7 33. Rg1 Be7 34.
Rf4 c4 35. e5 Qe6 36. exf6 Bxf6 37. Rgf1 Rgf8 38. Qb7+ Rd7 39. Qxb5 Rdf7 40.
Bb4 Rc8 41. Rxf6 Rxf6 42. Rxf6 Qxf6 43. Qd7+ Kxh6 44. Qxc8 cxd3 45. cxd3 Kh5
46. Qc5+ Kxh4 47. Qe7 Qxe7 48. Bxe7+ 1-0

[Event "HEM 2015 B Turnier"]
[Site "Frankfurt-Sossenheim"]
[Date "2015.??.??"]
[Round "6.19"]
[White "Kirst, Christian"]
[Black "Diehl, Stefan"]
[Result "0-1"]
[WhiteElo "1499"]
[BlackElo "1815"]
[PlyCount "118"]
[EventDate "2015.??.??"]
[WhiteTeam "SV Fechenheim"]
[BlackTeam "SC Höchst"]

1. e4 d5 2. exd5 Qxd5 3. Nf3 Nf6 4. c4 Qd6 5. Nc3 c6 6. d4 Bf5 7. Be2 e6 8. Nh4
Bg6 9. Bf3 Na6 10. d5 O-O-O 11. dxc6 Qxd1+ 12. Bxd1 bxc6 13. Nxg6 hxg6 14. O-O
Bd6 15. h3 Nh5 16. Ne4 Bc7 17. Be3 Bb6 18. c5 Bc7 19. a3 f5 20. Nd6+ Bxd6 21.
cxd6 Kb7 22. b4 Rxd6 23. a4 e5 24. b5 Nb8 25. Bb3 f4 26. Bc5 Rd5 27. Bxd5 cxd5
28. a5 Nd7 29. a6+ Ka8 30. Rfc1 Nhf6 31. Bd6 Ne4 32. Rc6 d4 33. Bb4 Rb8 34.
Rac1 Rxb5 35. Rc8+ Nb8 36. Be7 Rb6 37. f3 Nc3 38. Kf1 Rxa6 39. Bd8 Kb7 40. Rc7+
Ka8 41. Rc8 Kb7 42. Rc7+ Ka8 43. Rc2 Ra1+ 44. Kf2 Nd1+ 45. Ke2 Nc3+ 46. Kd3 Nd5
47. R7c4 Ne3 48. Ke4 Nxc4 49. Rxc4 d3 50. Kxd3 Rd1+ 51. Ke4 Rxd8 52. Kxe5 a5
53. Kxf4 Rd5 54. Ke4 Rb5 55. Rc7 a4 56. Kd3 Na6 57. Rc4 Rb3+ 58. Kc2 Nb4+ 59.
Kc1 a3 0-1

[Event "HEM 2015 B Turnier"]
[Site "Frankfurt-Sossenheim"]
[Date "2015.??.??"]
[Round "6.20"]
[White "Kuersten, Susanne"]
[Black "Heinz, Tobias"]
[Result "1/2-1/2"]
[WhiteElo "1786"]
[BlackElo "1646"]
[PlyCount "69"]
[EventDate "2015.??.??"]
[WhiteTeam "SV Lok Engelsdorf"]
[BlackTeam "SC Eschborn"]

1. e4 e6 2. d4 d5 3. exd5 exd5 4. Nf3 Bd6 5. h3 Nf6 6. Bd3 O-O 7. O-O c6 8. Bg5
Nbd7 9. Nc3 h6 10. Bd2 Nb6 11. b3 Bd7 12. Ne2 Re8 13. c4 c5 14. Rc1 Rc8 15.
cxd5 Nbxd5 16. Bc4 Bf5 17. Bc3 Nxc3 18. Rxc3 cxd4 19. Nexd4 Bb4 20. Nxf5 Qxd1
21. Rxd1 Bxc3 22. Nd6 Rcd8 23. Bxf7+ Kf8 24. Bxe8 Nxe8 25. Rc1 Rxd6 26. Rxc3
Rd1+ 27. Kh2 Nd6 28. Rc2 Ne4 29. Re2 Nc3 30. Rc2 Ne4 31. Rc8+ Ke7 32. Rc7+ Rd7
33. Rc2 Kf6 34. Re2 Nc3 35. Rc2 1/2-1/2

[Event "HEM 2015 B Turnier"]
[Site "Frankfurt-Sossenheim"]
[Date "2015.??.??"]
[Round "6.21"]
[White "Hirsch, Gabriel"]
[Black "Sciurti, Domenico"]
[Result "1-0"]
[WhiteElo "1778"]
[BlackElo "1583"]
[PlyCount "65"]
[EventDate "2015.??.??"]
[WhiteTeam "BG Buchen"]
[BlackTeam "SV Großauheim"]

1. e4 c5 2. Nf3 Nc6 3. c3 d6 4. g3 Nf6 5. d3 e5 6. Bg2 Be7 7. h3 h6 8. Be3 Qb6
9. Qc2 Be6 10. O-O Qc7 11. Nbd2 Qd7 12. Kh2 Nh7 13. a3 Ng5 14. Ng1 O-O 15. f4
Bxh3 16. Nxh3 Nh7 17. f5 Nf6 18. Nf2 h5 19. Bh3 Kh7 20. g4 h4 21. g5 Nh5 22.
g6+ Kh8 23. f6 Qd8 24. fxe7 Nxe7 25. Bg5 f6 26. Qd1 Ng3 27. Bxh4 Nxf1+ 28. Nxf1
Ng8 29. Qh5+ Nh6 30. Ng4 Kg8 31. Nxh6+ gxh6 32. Qxh6 Qe7 33. Be6+ 1-0

[Event "HEM 2015 B Turnier"]
[Site "Frankfurt-Sossenheim"]
[Date "2015.??.??"]
[Round "6.22"]
[White "Willenbring, Jens-Dirk"]
[Black "Mauersberger, Uwe"]
[Result "1/2-1/2"]
[WhiteElo "1753"]
[BlackElo "1486"]
[PlyCount "47"]
[EventDate "2015.??.??"]
[WhiteTeam "Bad Vilbeler Sfr"]
[BlackTeam "SC Eschborn"]

1. d4 d5 2. Nf3 c6 3. Bf4 Nf6 4. Nbd2 e6 5. c3 Bd6 6. Bxd6 Qxd6 7. e4 Nbd7 8.
Bd3 O-O 9. O-O b6 10. Re1 Bb7 11. h3 h6 12. Qc2 e5 13. dxe5 Nxe5 14. Nxe5 Qxe5
15. Nf3 Qc7 16. Nd2 c5 17. Rac1 c4 18. Be2 Nxe4 19. Nxe4 dxe4 20. Rcd1 b5 21.
Rd4 Rad8 22. Red1 Rxd4 23. Rxd4 a6 24. Qd2 1/2-1/2

[Event "HEM 2015 B Turnier"]
[Site "Frankfurt-Sossenheim"]
[Date "2015.??.??"]
[Round "6.23"]
[White "Boerkey, Joel"]
[Black "Fuchs, Andreas"]
[Result "1/2-1/2"]
[WhiteElo "1333"]
[BlackElo "1663"]
[PlyCount "56"]
[EventDate "2015.??.??"]
[WhiteTeam "Wiesbadener SV"]
[BlackTeam "SC Ober-Ramstadt"]

1. d4 Nf6 2. c4 c5 3. d5 b5 4. cxb5 a6 5. bxa6 g6 6. Nf3 Bxa6 7. e3 Bxf1 8.
Kxf1 d6 9. g3 Bg7 10. Kg2 Nbd7 11. Nc3 O-O 12. e4 Qb6 13. Rb1 Rfb8 14. Qe2 Qa6
15. Qxa6 Rxa6 16. Re1 Ng4 17. Bd2 Nge5 18. Nxe5 Nxe5 19. b3 Nd3 20. Re3 Nb4 21.
a4 Nc2 22. Rd3 Nd4 23. Nb5 Nxb5 24. axb5 Rxb5 25. b4 Ra4 26. Rdb3 c4 27. Rf3
Ra2 28. Bc3 Re2 1/2-1/2

[Event "HEM 2015 B Turnier"]
[Site "Frankfurt-Sossenheim"]
[Date "2015.??.??"]
[Round "6.24"]
[White "Scholz, Michael"]
[Black "Praetz, Friedrich"]
[Result "1-0"]
[WhiteElo "1862"]
[BlackElo "1013"]
[PlyCount "75"]
[EventDate "2015.??.??"]
[WhiteTeam "SK Mömbris"]
[BlackTeam "SVG Lauterbach"]

1. c4 Nf6 2. Nc3 e5 3. d3 Nc6 4. g3 Bc5 5. Bg2 d6 6. Nf3 Bg4 7. O-O h6 8. a3 a6
9. Rb1 O-O 10. b4 Ba7 11. a4 Rb8 12. b5 Bxf3 13. Bxf3 Nd4 14. Bg2 Ne6 15. Ba3
Ng4 16. h3 Nf6 17. e3 Nd7 18. a5 Bc5 19. Qa4 Bxa3 20. Qxa3 Re8 21. Rb2 Qg5 22.
Rfb1 Qg6 23. Nd5 f5 24. bxa6 Nec5 25. axb7 c6 26. Nc7 Re7 27. Bxc6 Nxd3 28.
Qxd3 Nc5 29. Qd5+ Kh7 30. a6 f4 31. g4 h5 32. a7 Nd3 33. axb8=Q fxe3 34. Qbg8+
Kh6 35. Qh8+ Kg5 36. h4+ Kxh4 37. Qxh5+ Qxh5 38. gxh5 1-0

[Event "HEM 2015 B Turnier"]
[Site "Frankfurt-Sossenheim"]
[Date "2015.??.??"]
[Round "6.25"]
[White "Liebske, Erwin"]
[Black "Wiegand, Helmut"]
[Result "1-0"]
[WhiteElo "1643"]
[BlackElo "1956"]
[PlyCount "125"]
[EventDate "2015.??.??"]
[WhiteTeam "SV Frankfurt Nord"]
[BlackTeam "Sfr. Wieseck"]

1. d4 Nf6 2. c4 d6 3. Nc3 Nbd7 4. e4 e5 5. d5 Be7 6. Nge2 O-O 7. Ng3 Re8 8. Be2
Nc5 9. Be3 Bd7 10. O-O c6 11. b4 Na6 12. a3 cxd5 13. cxd5 Rc8 14. Qd2 Qc7 15.
Rfc1 Qb8 16. Ra2 b5 17. Rac2 Rc7 18. Qd3 Ng4 19. Bd2 Rcc8 20. h3 Nf6 21. Nf1
Rc4 22. Be3 Qb7 23. Nd2 Rc7 24. Nb3 Qb8 25. f3 Nh5 26. Qd2 Bf6 27. Kh2 Nf4 28.
Bf1 Ng6 29. g3 h6 30. Bd3 Nf8 31. Qe2 g5 32. Na1 Rb7 33. Nb3 h5 34. Qd2 Nh7 35.
Be2 Kg7 36. Rg1 Rg8 37. f4 gxf4 38. gxf4+ Kh8 39. Bxh5 Rxg1 40. Kxg1 Bxh3 41.
Kh2 Bf1 42. Qf2 Bc4 43. Na5 Rc7 44. Rc1 Qd8 45. Nc6 Qf8 46. Qf3 exf4 47. Bxf4
Ng5 48. Bxg5 Bxg5 49. Rg1 Qh6 50. Nd4 Bf4+ 51. Kh3 Be5 52. Qg4 Qh7 53. Ncxb5
Bxb5 54. Nxb5 Rc2 55. Rh1 Nb8 56. Nxa7 Nd7 57. Qf5 Qg7 58. Bg4 Nf6 59. Kh4 Nxg4
60. Qxg4 Bf6+ 61. Kg3+ Kg8 62. Qxg7+ Kxg7 63. Rh3 1-0